[Event "Olympiad Women 2024"]
[Site "Budapest HUN"]
[Date "2024.09.14"]
[Round "4.50"]
[Board "2"]
[White "Mariam, Essa"]
[Black "Beukes Jamie-Nicole"]
[Result "1-0"]
[WhiteElo "1779"]
[BlackElo "1735"]
[PlyCount "33"]
[EventDate "2024.09.11"]
[WhiteTeam "United Arab Emirates"]
[BlackTeam "Namibia"]
[WhiteTeamCountry "UAE"]
[BlackTeamCountry "NAM"]

1. c4 e5 2. g3 c6 3. Nf3 Qc7 ({RR} 3... e4 4. Nd4 d5 5. d3 Bc5 6. Nb3 Bb4+ 7. Bd2 Bxd2+ 8. Qxd2 dxc4 9. dxc4 f5 10. Nc3 Qxd2+ 11. Kxd2 Nf6 12. f3 Nbd7 13. fxe4 Ne5 14. c5 fxe4 15. Bg2 Bf5 16. Raf1 Nc4+ 17. Kc1 Ne3 18. Rf4 {½-½ Ding,L (2811)-Yu,Y (2763) FIDE World Cup 2019 (6.1)}) 4. Nc3 Nf6 ({RR} 4... f5 5. d3 Nf6 6. Bg2 g6 7. Bg5 Bg7 8. Qd2 O-O 9. O-O d6 10. Rac1 Nbd7 11. b4 Kh8 12. Bh6 Ng4 13. Bxg7+ Kxg7 14. Ng5 Re8 15. b5 h6 16. Nh3 Rb8 17. Rb1 Ngf6 18. e4 Nc5 19. bxc6 {0-1 Gongliashvili,Z (1765)-Galajyan,A (2034) FIDE WY Rapid U18 2023 (8.9)}) 5. Bg2 $146 ({RR} 5. d4 e4 6. Ng5 d5 7. cxd5 cxd5 8. Qb3 Qd6 9. Bf4 Qb4 10. f3 Qxb3 11. axb3 h6 12. Nh3 Nc6 13. e3 exf3 14. Bb5 g5 15. Be5 Bg7 16. Nf2 O-O 17. O-O a6 18. Bxf6 Bxf6 19. Nxd5 Bg7 {0-1 Vergara Loor,J (1931)-Vintimilla,X (1877) Preinscritos IRT Online 2020 (8)}) 5... Be7 6. O-O O-O 7. e4 Rd8 8. d4 d5 9. Nxe5 dxe4 10. Nxe4 Nxe4 11. Bxe4 c5 12. Bxh7+ Kf8 13. Bf4 Qb6 14. Qh5 Qf6 15. Bg5 Qe6 16. Bf5 Qxf5 17. Qh8# 1-0

[Event "Olympiad Women 2024"]
[Site "Budapest HUN"]
[Date "2024.09.14"]
[Round "4.50"]
[Board "3"]
[White "Van Wyk, Keisha C"]
[Black "Anoud Eisa Bashkardi"]
[Result "1-0"]
[WhiteElo "1599"]
[BlackElo "1811"]
[PlyCount "59"]
[EventDate "2024.09.11"]
[WhiteTeam "Namibia"]
[BlackTeam "United Arab Emirates"]
[WhiteTeamCountry "NAM"]
[BlackTeamCountry "UAE"]

1. e4 e5 2. Nf3 Nc6 3. d4 exd4 4. Nxd4 Nf6 5. Nxc6 bxc6 6. Bd3 d5 7. e5 Ng4 8. O-O Qh4 9. Bf4 Bc5 10. Bg3 Qg5 ({RR} 10... Qe7 11. h3 Nh6 12. Nd2 Nf5 13. Bh2 O-O 14. c3 Bb6 15. Qe2 Qg5 16. Nf3 Qe7 17. Rae1 Be6 18. Bf4 h6 19. Kh2 Nh4 20. Nxh4 Qxh4 21. Bg3 Qe7 22. f4 Rae8 23. f5 Bc8 24. Qh5 Qg5 25. Qf3 {1-0 Kuc,M (1687)-Jaroszuk,M (1537) 270th YMCA Winter B 2023 (9)}) 11. Nd2 Qe7 $146 ({RR} 11... O-O 12. Nf3 Qe7 13. c3 f6 14. Qc2 g6 15. Rae1 fxe5 16. h3 e4 17. Bxe4 dxe4 18. hxg4 e3 19. Kh1 Bxg4 20. fxe3 Rf5 21. Nh2 Rh5 22. Rf4 Bf5 23. Qb3+ Kg7 24. e4 Re8 25. Ref1 Be6 26. c4 {0-1 Plazaola,M (2126)-Sarquis,M (2168) South America-ch U20 2006 (7)}) ({RR} 11... O-O 12. Nf3 Qd8 13. c4 f5 14. Qa4 Bb7 15. cxd5 cxd5 16. Qc2 f4 17. Bh4 Be7 18. Bxh7+ Kh8 19. Bxe7 Qxe7 20. Rfe1 c5 21. e6 Rf6 22. h3 Rh6 23. Bg6 Nf6 24. Ne5 Rf8 25. Nf7+ Rxf7 26. exf7 {1-0 Demburg,D (2096)-Mandl,R (2205) Oberliga Bayern 0910 2009 (3.4)}) 12. Nf3 g5 13. Qd2 Rg8 14. h4 h6 15. a3 Be6 16. Rac1 a5 17. Be2 Bf5 18. h5 Kf8 19. Nd4 Bxd4 20. Qxd4 c5 21. Qxd5 Rd8 22. Qf3 Bd7 23. Bc4 Be6 24. Bd3 c4 25. Be4 Qc5 26. Rcd1 Kg7 27. Bf5 Nxe5 28. Qe4 Bxf5 29. Bxe5+ f6 30. Qxf5 1-0

[Event "Olympiad Women 2024"]
[Site "Budapest HUN"]
[Date "2024.09.14"]
[Round "4.51"]
[Board "1"]
[White "Sokolova, Larisa"]
[Black "Martinez Orozco, Cristiana Yorlene"]
[Result "0-1"]
[WhiteElo "1705"]
[BlackElo "1761"]
[PlyCount "56"]
[EventDate "2024.09.11"]
[WhiteTeam "Cyprus"]
[BlackTeam "Nicaragua"]
[WhiteTeamCountry "CYP"]
[BlackTeamCountry "NCA"]

1. e4 c6 2. d4 d5 3. Nc3 dxe4 4. Nxe4 Nf6 5. Nxf6+ exf6 6. c3 Bd6 7. Bd3 O-O 8. Qc2 Re8+ 9. Ne2 h5 10. Be3 Qc7 ({RR} 10... Nd7 11. O-O-O Nf8 12. Kb1 Be6 13. c4 Rc8 14. h3 h4 15. Rdg1 b5 16. c5 Bb8 17. Nc3 b4 18. Ne4 f5 19. Nd6 Bxd6 20. cxd6 Qxd6 21. Bxf5 Qd5 22. Bxe6 Nxe6 23. Rd1 Qxg2 24. Qf5 Qd5 25. Qg4 {½-½ Saric,I (2669)-Howell,D (2676) Wch Blitz Riadh 2017 (8)}) 11. O-O-O Be6 ({RR} 11... Nd7 12. c4 c5 13. Kb1 cxd4 14. Nxd4 Bc5 15. Nb5 Qc6 16. Bh7+ Kh8 17. Bxc5 Nxc5 18. Nd6 Be6 19. Nxe8 Rxe8 20. Bf5 a5 21. Bxe6 Nxe6 22. f3 a4 23. Rhe1 a3 24. b3 Ra8 25. Qf5 Qb6 26. Qxh5+ {1-0 Do Valle Cardoso,L (2392)-De Menezes,R (1675) 10th Floripa Open 2024 (1.11)}) 12. Kb1 Nd7 $146 ({RR} 12... Qa5 13. Nc1 Nd7 14. Nb3 Qc7 15. h3 Rad8 16. c4 Nf8 17. g4 h4 18. g5 fxg5 19. Bxg5 Be7 20. Qd2 Bxg5 21. Qxg5 Qe7 22. Qg2 Qf6 23. Rhg1 Ng6 24. Bf1 Bf5+ 25. Kc1 Be4 26. Qh2 Qf4+ 27. Qxf4 {1-0 De Oliveira,A (2036)-Luz,H (1658) Jatai Goias Rio Claro op 2022 (2)}) 13. Ng3 Bd5 14. c4 Bxg2 15. Rhg1 Bf3 16. Be2 Bg4 17. Nxh5 Bxh5 18. Bxh5 Nf8 19. Bh6 g6 20. Bxg6 Nxg6 21. Rxg6+ fxg6 22. Qxg6+ Kh8 23. Rg1 Qh7 24. Bg7+ Kg8 25. Qxh7+ Kxh7 26. Bxf6 Rg8 27. Rf1 Raf8 28. Bh4 Rg4 0-1

[Event "Olympiad Women 2024"]
[Site "Budapest HUN"]
[Date "2024.09.14"]
[Round "4.51"]
[Board "2"]
[White "Cabezas Calero, Abigail Carolina"]
[Black "Paunescu, Aida"]
[Result "0-1"]
[WhiteElo "1824"]
[BlackElo "1603"]
[PlyCount "71"]
[EventDate "2024.09.11"]
[WhiteTeam "Nicaragua"]
[BlackTeam "Cyprus"]
[WhiteTeamCountry "NCA"]
[BlackTeamCountry "CYP"]

1. e4 d5 2. exd5 c6 3. d4 cxd5 4. Nf3 Nc6 5. Nc3 Nf6 6. Be2 Bf5 7. a3 e6 8. Bf4 Bd6 9. Bxd6 Qxd6 10. O-O O-O 11. Re1 a6 12. h3 $146 ({RR} 12. Nh4 Bg6 13. Bf3 Qf4 14. Nxg6 hxg6 15. Ne2 Qh6 16. Ng3 Rac8 17. c3 Ne7 18. Qb3 b5 19. a4 Rb8 20. Ra2 Nf5 21. axb5 Rxb5 22. Nxf5 gxf5 23. Qc2 Rfb8 24. Be2 R5b6 25. Bxa6 Ne4 26. Bd3 Qd2 {½-½ Koch,S-Zimmermann,M BL2 Mitte 9192 (Women) 1991}) 12... Rfe8 13. Ne5 Nd7 14. f4 f6 15. Nxd7 Qxd7 16. Bf3 Rac8 17. Na4 Qc7 18. Qd2 Na5 19. Nc5 b6 20. Nxa6 Qxc2 21. Qxc2 Rxc2 22. Bxd5 Kf8 23. Be4 Rxb2 24. g4 Bxe4 25. Rxe4 Nb3 26. Rae1 Nd2 27. R4e3 Rc8 28. Nb4 Rc4 29. Kh1 Rxd4 30. Rxe6 Nf3 31. Re8+ Kf7 32. R8e7+ Kg6 33. f5+ Kg5 34. R1e2 Rdd2 35. Rxd2 Rxd2 36. Re3 0-1

[Event "Olympiad Women 2024"]
[Site "Budapest HUN"]
[Date "2024.09.14"]
[Round "4.51"]
[Board "3"]
[White "Pica, Eleni"]
[Black "Munoz Cortez, Anahi Alexandra"]
[Result "0-1"]
[WhiteElo "1609"]
[BlackElo "1868"]
[PlyCount "118"]
[EventDate "2024.09.11"]
[WhiteTeam "Cyprus"]
[BlackTeam "Nicaragua"]
[WhiteTeamCountry "CYP"]
[BlackTeamCountry "NCA"]

1. d4 d5 2. c4 e6 3. Nc3 Nf6 4. Bg5 Be7 5. Nf3 a6 6. cxd5 exd5 7. e3 Nbd7 8. Be2 ({RR} 8. h3 Nf8 9. Bd3 Ne6 10. Bh4 O-O 11. O-O g6 12. Rb1 Ng7 13. b4 c6 14. a4 Bf5 15. b5 axb5 16. axb5 Ra3 17. Bxf5 Nxf5 18. Bxf6 Bxf6 19. Qc1 Qa5 20. Ne2 Rc8 21. Nf4 Nd6 22. bxc6 bxc6 {½-½ Cramling,P (2455)-Zhao,X (2486) Online Olym Div Top-B rapid 2021 (9.5)}) ({RR} 8. Qc2 h6 9. Bf4 O-O 10. Bd3 c6 11. h3 Re8 12. O-O Nf8 13. Ne5 Ne6 14. Bg3 c5 15. dxc5 Nxc5 16. Rad1 Be6 17. Bf5 Qc8 18. Bxe6 Qxe6 19. Nf3 Rac8 20. Nd4 Qb6 21. Nf5 Nce4 22. Be5 Bb4 {0-1 Nygren,D (2166)-Torngren,G (2252) Paskturneringen Open 2023 (6.3)}) 8... O-O 9. O-O h6 $146 ({RR} 9... c6 10. Rb1 Re8 11. b4 Ne4 12. Bxe7 Qxe7 13. Nxe4 dxe4 14. Nd2 Nf6 15. Qb3 Be6 16. Bc4 Bd5 17. Rfc1 Rad8 18. a4 h5 19. Nf1 h4 20. h3 Rd6 21. Nh2 Kh8 22. Rb2 Qe6 23. Rbc2 g5 24. Bxd5 {0-1 Castaneda,V (1938)-Rodriguez Correa,E (2030) Bogota McGregor op 1st 2010 (6)}) ({RR} 9... Re8 10. Nd2 c5 11. Bf3 h6 12. Bxf6 Nxf6 13. dxc5 Be6 14. Na4 Qc7 15. b4 Rad8 16. Nb3 Nd7 17. Nd4 b6 18. cxb6 Nxb6 19. Nxb6 Qxb6 20. a3 Rc8 21. Qb3 Bf6 22. Rfd1 Rc4 23. h3 Rec8 24. Rab1 {½-½ Gracin,D (2092)-Bobanac,M (2304) CRO Cup Mali Losinj 2019 (6.63)}) 10. Bh4 c6 11. Rc1 b5 12. Nd2 Bb7 13. f3 Qb6 14. Bf2 c5 15. a3 cxd4 16. exd4 Rfe8 17. Re1 Nf8 18. Nb3 N6d7 19. Bd3 Bf6 20. Rxe8 Rxe8 21. Ne2 Ne6 22. Bb1 a5 23. Bf5 a4 24. Na1 Rc8 25. Rxc8+ Bxc8 26. Bxe6 Qxe6 27. Nf4 Qf5 28. Ne2 Nb6 29. Ng3 Qe6 30. b3 Qd6 31. Qc1 Bd7 32. bxa4 bxa4 33. Nc2 Nc4 34. Ne2 Be7 35. Bg3 Qb6 36. Nc3 Bc6 37. Qb1 Qb3 38. Be1 Nxa3 39. Qxb3 axb3 40. Nxa3 Bxa3 41. Nb1 Bc1 42. Kf2 Bb5 43. Bb4 Bd3 44. Ba3 Bxa3 45. Nxa3 b2 46. Ke3 b1=Q 47. Nxb1 Bxb1 48. Kf4 f6 49. h4 g5+ 50. hxg5 hxg5+ 51. Kg4 Kg7 52. g3 Kg6 53. f4 Bc2 54. Kf3 Bd1+ 55. Ke3 Kf5 56. fxg5 fxg5 57. Kd2 Bf3 58. Ke3 Kg4 59. Kf2 Be4 0-1

[Event "Olympiad Women 2024"]
[Site "Budapest HUN"]
[Date "2024.09.14"]
[Round "4.51"]
[Board "4"]
[White "Alvarez Gutierrez, Patricia"]
[Black "Sokolova, Victoria"]
[Result "1-0"]
[WhiteElo "1826"]
[BlackElo "1682"]
[PlyCount "75"]
[EventDate "2024.09.11"]
[WhiteTeam "Nicaragua"]
[BlackTeam "Cyprus"]
[WhiteTeamCountry "NCA"]
[BlackTeamCountry "CYP"]

1. d4 d5 2. c4 e6 3. Nc3 Nf6 4. Bg5 Be7 5. Nf3 O-O 6. e3 h6 7. Bh4 b6 8. cxd5 Nxd5 9. Bg3 Nxc3 10. bxc3 Bb7 11. Bd3 Nd7 12. O-O c5 13. a4 ({RR} 13. Qe2 Nf6 14. e4 Nh5 15. Rad1 Nxg3 16. hxg3 cxd4 17. cxd4 Bf6 18. d5 exd5 19. e5 Re8 20. Bb1 g6 21. Rfe1 Bg7 22. Qd3 Qd7 23. Bc2 Rac8 24. Bb3 Rc5 25. Qd4 Qc7 26. g4 Bc8 27. Bxd5 Be6 {1-0 Relange,E (2472)-Dorfman,J (2602) FRA-ch Pool B playoff 5' blitz 2001 (2)}) ({RR} 13. Qe2 Nf6 14. Ne5 Nd5 15. Rfc1 Bh4 16. a4 Bxg3 17. hxg3 Qc7 18. g4 Rac8 19. Qb2 Rfd8 20. a5 bxa5 21. Qa3 a4 22. Bb5 Nb6 23. Nd3 a6 24. Bxa4 c4 25. Nc5 a5 26. Rcb1 Bc6 27. Bxc6 Qxc6 {0-1 Karagiorgos,N (1469)-Makridis,D (1944) GRE-ch South U16 2020 (1)}) 13... Nf6 14. Qe2 $146 ({RR} 14. a5 cxd4 15. axb6 dxc3 16. bxa7 Qd5 17. Qc2 Rfd8 18. Rfd1 Qc6 19. Ra4 Nd5 20. Ne5 Qc5 21. Bh7+ Kf8 22. Nxf7 Nb4 23. Nxd8 Bd5 24. Rxb4 Qxb4 25. Rxd5 exd5 26. Ne6+ Ke8 27. Nc7+ {1-0 Kulcsar,M (2300)-Lengyel,F (2285) HUN-chT2 9293 1992}) 14... Ne4 15. Rfc1 Nxg3 16. hxg3 Bxf3 17. Qxf3 cxd4 18. cxd4 Rc8 19. Qe4 g6 20. Rxc8 Qxc8 21. Rd1 Bd6 22. d5 exd5 23. Qxd5 Bc5 24. Bxg6 Qg4 25. Bc2 a5 26. Qd3 Qg7 27. Qe4 f5 28. Qe6+ Kh8 29. Rd7 Qg5 30. g4 Rf6 31. Rd8+ Bf8 32. Qc8 Kg7 33. Bxf5 h5 34. Rd7+ Rf7 35. Rxf7+ Kxf7 36. Qe6+ Kg7 37. gxh5 Qxh5 38. Qe5+ 1-0

[Event "Olympiad Women 2024"]
[Site "Budapest HUN"]
[Date "2024.09.14"]
[Round "4.52"]
[Board "1"]
[White "Fuad Kamel Jamaliah, Natalie"]
[Black "Kovacova, Zuzana"]
[Result "1/2-1/2"]
[WhiteElo "2003"]
[BlackElo "2020"]
[PlyCount "74"]
[EventDate "2024.09.11"]
[WhiteTeam "Jordan"]
[BlackTeam "Bermuda"]
[WhiteTeamCountry "JOR"]
[BlackTeamCountry "BER"]

1. d4 d5 2. Bf4 Nf6 3. e3 c5 4. Nf3 Nc6 5. c3 Qb6 6. Qb3 c4 7. Qc2 Bf5 8. Qc1 h6 9. h3 e6 10. Nbd2 Qd8 11. Be2 Bd6 12. Bxd6 Qxd6 13. O-O O-O 14. Nh4 Bh7 15. f4 b5 16. Nhf3 $146 ({RR} 16. Bd1 b4 17. Bc2 bxc3 18. Bxh7+ Kxh7 19. Qxc3 Qb4 20. Rfc1 Rfc8 21. Rab1 Rc7 22. Nhf3 Nd7 23. Ne5 Ndxe5 24. fxe5 Rb8 25. a3 Qxc3 26. bxc3 Rcb7 27. Rxb7 Rxb7 28. Rb1 Rxb1+ 29. Nxb1 Na5 30. Kf2 Nb3 {½-½ Lima Abadal,N (1547)-Scott,L (1732) Wch U18 Montevideo 2017 (11)}) 16... Ne4 17. Nxe4 Bxe4 18. Ne5 Rab8 19. Qd2 Rb7 20. b4 cxb3 21. axb3 Nxe5 22. fxe5 Qe7 23. Bd3 Bxd3 24. Qxd3 Rc8 25. Ra6 Qc7 26. Rc1 Rb6 27. Rxb6 Qxb6 28. e4 a5 29. exd5 exd5 30. Qf3 Qc6 31. Qd1 a4 32. bxa4 bxa4 33. Ra1 Ra8 34. Ra3 Qb5 35. Qa1 Ra6 36. Qa2 Kh8 37. Kh2 Kg8 1/2-1/2

[Event "Olympiad Women 2024"]
[Site "Budapest HUN"]
[Date "2024.09.14"]
[Round "4.52"]
[Board "2"]
[White "Cancino, Shiela"]
[Black "Jeda Helal"]
[Result "0-1"]
[WhiteElo "1663"]
[BlackElo "1569"]
[PlyCount "46"]
[EventDate "2024.09.11"]
[WhiteTeam "Bermuda"]
[BlackTeam "Jordan"]
[WhiteTeamCountry "BER"]
[BlackTeamCountry "JOR"]

1. d4 c6 2. Nf3 d5 3. e3 Nf6 4. Bd3 Bg4 5. Nbd2 e6 6. O-O Bd6 7. c4 O-O 8. Qc2 Nbd7 9. b3 ({RR} 9. h3 Bh5 10. b3 e5 11. dxe5 Nxe5 12. Nxe5 Bxe5 13. Rb1 Bg6 14. Bxg6 hxg6 15. Nf3 Bc7 16. Rd1 Qe7 17. Bb2 dxc4 18. Qxc4 Rfd8 19. Ng5 Nh5 20. h4 Nf6 21. Ba3 Qe8 22. Bb2 Qe7 23. Ba3 Qe8 {½-½ Michna,M (2385)-Zawadzka,J (2377) Radzikowska Memorial (Women) 3rd 2013 (7)}) 9... e5 10. e4 $146 ({RR} 10. dxe5 Nxe5 11. Nxe5 Bxe5 12. Rb1 Rc8 13. h3 Be6 14. f4 Bc7 15. Nf3 dxc4 16. bxc4 b6 17. Nd4 Bd7 18. Rd1 Qe7 19. e4 g6 20. e5 Nh5 21. Be4 Bb8 22. Qb3 Rfd8 23. Qf3 c5 24. Ne2 Ng7 {1-0 Bui,T (1750)-Nguyen,T (2066) VIE-chT (Women) 2015 (2.6)}) ({RR} 10. dxe5 Nxe5 11. Nxe5 Bxe5 12. Rb1 Qc7 13. h3 Bd7 14. Re1 {½-½ Kuznetsov,R (2181)-Solovjov,A (2193) Bratsk-ch 2015 (3)}) 10... dxe4 11. Bxe4 Nxe4 12. Nxe4 Bc7 13. Neg5 g6 14. h3 Bf5 15. Qb2 h6 16. h4 hxg5 17. dxe5 g4 18. Bg5 Qb8 19. Bh6 gxf3 20. Qd2 Bxe5 21. g4 Bxg4 22. Qg5 Bh3 23. h5 Bh2+ 0-1

[Event "Olympiad Women 2024"]
[Site "Budapest HUN"]
[Date "2024.09.14"]
[Round "4.52"]
[Board "4"]
[White "Gontcharova, Olga"]
[Black "Ruba Al-Qudah"]
[Result "0-1"]
[WhiteElo "1567"]
[BlackElo "1937"]
[PlyCount "60"]
[EventDate "2024.09.11"]
[WhiteTeam "Bermuda"]
[BlackTeam "Jordan"]
[WhiteTeamCountry "BER"]
[BlackTeamCountry "JOR"]

1. d4 Nf6 2. Nc3 g6 3. e4 d6 4. f3 Bg7 5. Bd3 O-O ({RR} 5... Nbd7 6. Be3 c5 7. dxc5 Nxc5 8. Bb5+ Ncd7 9. Qd2 a6 10. Bh6 Bxh6 11. Bxd7+ Bxd7 12. Qxh6 Qa5 13. O-O-O Be6 14. Kb1 Rc8 15. Nge2 Qh5 16. Qxh5 Nxh5 17. g4 Nf6 18. Nf4 Nd7 19. Ncd5 Ne5 20. Rdf1 {0-1 Rosic,S (2280)-Milovanovic,R (2415) Tuzla 1989 (5)}) ({RR} 5... e5 6. dxe5 dxe5 7. Bc4 Qxd1+ 8. Kxd1 c6 9. a4 Nbd7 10. Be3 O-O 11. Ke2 Re8 12. g4 Bf8 13. h4 Bc5 14. h5 Bxe3 15. Kxe3 Nc5 16. Nge2 a5 17. Ng3 Be6 18. Be2 Rad8 19. hxg6 hxg6 20. Rh2 {0-1 Marochkina,Y (1856)-Nomindalai,T (2189) Swiss Queens Wed #30 2024 (5.129)}) 6. Bd2 c5 $146 ({RR} 6... a6 7. Nge2 e5 8. O-O Nc6 9. d5 Ne7 10. Ng3 a5 11. a4 Nd7 12. Be3 Nc5 13. Bc4 Nd7 14. Qd2 Nf6 15. f4 exf4 16. Rxf4 Ng4 17. Rf3 Ne5 18. Rf2 Nxc4 19. Qc1 Nxe3 20. Qxe3 Ra6 21. Rf3 {0-1 Fomin,D-Mazurik,V UKR-ch U10 Nikolaev 2001 (7)}) 7. Nge2 cxd4 8. Nxd4 Nxe4 9. Be3 Nxc3 10. bxc3 Nc6 11. Qd2 Qa5 12. Ne2 Ne5 13. O-O Bd7 14. Bh6 Rac8 15. Bxg7 Kxg7 16. f4 Qc5+ 17. Kh1 Ng4 18. Qe1 Ne3 19. Rf2 Nd5 20. f5 Nxc3 21. f6+ exf6 22. Qf1 Nxe2 23. Bxe2 Qe5 24. Rc1 Rc3 25. Re1 Re3 26. Rf3 Re8 27. g3 Bc6 28. h3 Rxe2 29. Rxe2 Qxe2 30. Qf2 Qxf2 0-1

[Event "Olympiad Women 2024"]
[Site "Budapest HUN"]
[Date "2024.09.14"]
[Round "4.53"]
[Board "1"]
[White "Ampaire, Shakira"]
[Black "Hamadeh, Sally"]
[Result "1-0"]
[WhiteElo "1839"]
[BlackElo "1557"]
[PlyCount "61"]
[EventDate "2024.09.11"]
[WhiteTeam "Uganda"]
[BlackTeam "Lebanon"]
[WhiteTeamCountry "UGA"]
[BlackTeamCountry "LBN"]

1. d4 d5 2. Nf3 Nf6 3. Bf4 c5 4. e3 e6 5. Ne5 ({RR} 5. Nc3 a6 6. a3 Nc6 7. Bd3 c4 8. Be2 b5 9. O-O Bb7 10. Re1 Bd6 11. Bg5 Ne7 12. Bf1 Ne4 13. Bf4 Nxc3 14. bxc3 Nf5 15. Nd2 Qa5 16. g4 Bxf4 17. gxf5 Bd6 18. fxe6 O-O 19. exf7+ Rxf7 {½-½ Kharlov,A (2605)-Dokutchaev,A (2440) RUS-chT 04th 1996 (3)}) 5... Bd6 ({RR} 5... a6 6. c3 Qb6 7. Qb3 Qa7 8. Nd2 b5 9. a4 c4 10. Qc2 Qb7 11. b3 Be7 12. Be2 O-O 13. O-O Nc6 14. axb5 axb5 15. bxc4 bxc4 16. Rfb1 Rxa1 17. Rxa1 Nxe5 18. Bxe5 Nd7 19. Bg3 Nb6 20. e4 {1-0 Hernandez,A (1960)-Dubnevych,M (2293) Titled Tue 27th Feb Early 2024 (8)}) 6. Bb5+ Nbd7 7. Nxf7 $146 ({RR} 7. Nxd7 Bxd7 8. Bxd6 Bxb5 9. Bxc5 Ne4 10. Nd2 Nxc5 11. dxc5 Qc7 12. Nb3 O-O 13. Qd2 Rac8 14. c3 Rfd8 15. Nd4 Qxc5 16. Nxb5 Qxb5 17. Qe2 Rc5 18. Qxb5 Rxb5 19. b3 Rc8 20. Kd2 Kf8 21. b4 Rb6 {0-1 Burakowska,G (1612)-Sleczka,I (1404) Podlaskie-ch U15 Girls 17th 2011 (1)}) 7... Kxf7 8. Bxd6 Qa5+ 9. Nc3 Ne4 10. Bxd7 Bxd7 11. Bxc5 Nxc3 12. bxc3 Qxc3+ 13. Kf1 Rhd8 14. Rb1 b6 15. Bb4 Qc4+ 16. Kg1 Qxa2 17. h4 Kg8 18. Kh2 Rdc8 19. Rc1 a5 20. Bd6 Ba4 21. Qg4 Re8 22. Be5 Ra7 23. h5 Bxc2 24. h6 Bg6 25. hxg7 Qxf2 26. Rhf1 Bf5 27. Qh5 Bg6 28. Qg5 Qe2 29. Rf8+ Rxf8 30. gxf8=Q+ Kxf8 31. Rc8+ 1-0

[Event "Olympiad Women 2024"]
[Site "Budapest HUN"]
[Date "2024.09.14"]
[Round "4.53"]
[Board "2"]
[White "Attieh, Skye"]
[Black "Amoko, Ivy Claire"]
[Result "0-1"]
[WhiteElo "1675"]
[BlackElo "1820"]
[PlyCount "120"]
[EventDate "2024.09.11"]
[WhiteTeam "Lebanon"]
[BlackTeam "Uganda"]
[WhiteTeamCountry "LBN"]
[BlackTeamCountry "UGA"]

1. e4 {Bartel,Mateusz} e5 2. Nf3 Nc6 3. Bc4 Bc5 4. c3 Nf6 5. d3 a6 6. Bb3 Ba7 7. Nbd2 h6 8. h3 d6 ({RR} 8... d5 9. Qe2 O-O 10. g4 Be6 11. g5 Nh5 12. Nf1 dxe4 13. dxe4 Bxb3 14. axb3 hxg5 15. Nxg5 g6 16. Rg1 Nf4 17. Bxf4 exf4 18. Ne6 f3 19. Qxf3 Ne5 20. Qh5 Bxf2+ {0-1 Brunello,M (2353)-Wagner,D (2453) 24th ch-EUR Indiv w 2024 (8.6)}) 9. Nf1 Bd7 $146 ({RR} 9... Be6 10. Ng3 ({RR} 10. Bxe6 fxe6 11. Qb3 Qc8) 10... Qd7 11. Ba4 ({RR} 11. Qe2 O-O 12. O-O Rfe8 13. Be3) 11... b5 12. Bb3 d5 13. exd5 ({RR} 13. O-O O-O 14. Qe2 Rad8) 13... Nxd5 14. O-O O-O 15. Re1 Rae8 ({RR} 15... Rfe8 16. Nxe5 Nxe5 17. Rxe5 Nxc3 18. bxc3 Bxb3 19. Rxe8+) 16. a4 ({RR} 16. Qe2 Nf4) ({RR} 16. Bd2 Nf4 17. Bxf4 exf4 18. Ne2 ({RR} 18. Ne4 Bf5) 18... Bxh3) 16... b4 17. a5 ({RR} 17. Qc2 Nf6 ({RR} 17... a5 18. Bc4 f6 19. Bb5) ({RR} 17... Rb8 18. Bc4 Rfe8 19. Nxe5 Nxe5 20. Rxe5 bxc3 21. bxc3 Nxc3 22. Rxe6 Rxe6 23. Bxe6 fxe6) 18. Bxe6 Rxe6) 17... bxc3 18. Ba4 f6 ({RR} 18... Rb8 19. Nxe5 Qd6 20. Nxc6 cxb2 21. Rb1 bxc1=Q 22. Rxc1 Qxg3 23. Nxa7 Qg5) ({RR} 18... Bxh3 19. Bxc6 ({RR} 19. gxh3 Qxh3 20. Bxc6 cxb2 21. Bxb2 Nf4 22. Nh2 e4 23. Bxe4 Qxg3+ 24. Kh1 Bxf2) 19... Qxc6 20. gxh3 Nf4 ({RR} 20... Qg6 21. Kf1 Qe6 22. Ng1 ({RR} 22. Kg2 cxb2 23. Bxb2 Nf4+) 22... Bd4 23. bxc3 Bxc3 24. Ba3 Ne7) ({RR} 20... cxb2 21. Bxb2 Nf4 22. Bxe5 Nxh3+ 23. Kg2 Bxf2) 21. Bxf4 exf4 22. Ne4 c2 23. Qc1 f5 24. Ned2 Re3) 19. Ne4 c2 20. Qxc2 Ncb4 21. Qd1 ({RR} 21. Qc4 c6 22. d4) 21... c6 22. Bb3 Rd8 23. Ra3 Rfe8 24. Bc4 {½-½ Iordachescu,V (2583)-Bartel,M (2662) EU-ch 15th Yerevan 2014 (10)} {RR} Nf4) ({RR} 9... Be6 10. Ng3 O-O 11. Nh2 d5 12. Qf3 Na5 13. Bc2 dxe4 14. dxe4 Nc4 15. Ng4 Nd7 16. O-O Qh4 17. Nf5 Bxf5 18. exf5 Nd6 19. f6 Nxf6 20. Nxf6+ gxf6 21. Kh2 f5 22. g3 Qf6 23. Qh5 Kg7 24. g4 {1-0 Morozevich,A (2774)-Adams,M (2729) Yerevan Asrian Memorial 1st rapid 2008 (5)}) ({RR} 9... Nh5 10. N3h2 g6 11. Qf3 Qf6 12. Qxf6 Nxf6 13. Ne3 Be6 14. Neg4 Nxg4 15. Nxg4 h5 16. Nf6+ {½-½ Lakos,N (2310)-Gonda,L (2499) Tapolca Acs Memorial op 2009 (4)}) 10. g4 Qe7 11. Be3 O-O-O 12. a4 Kb8 13. Bc2 d5 14. Qe2 d4 15. Bd2 Be6 16. Ng3 Nd7 17. b3 dxc3 18. Bxc3 g6 19. Rb1 Qd6 20. b4 Nd4 21. Nxd4 Bxd4 22. Bxd4 Qxd4 23. Qe3 Qc3+ 24. Qd2 Qxd2+ 25. Kxd2 c5 26. b5 a5 27. b6 c4 28. Rhc1 cxd3 29. Bxd3 f6 30. Rb5 Rc8 31. Rcb1 Rc6 32. Rxa5 Rxb6 33. Rab5 Rxb5 34. Rxb5 Rd8 35. Ke2 Kc7 36. Nf1 Nb8 37. Ne3 Nc6 38. Nc2 Ra8 39. f3 Rxa4 40. Ke3 b6 41. Rb2 Ra2 42. Rb1 Na5 43. Nb4 Ra3 44. Kf2 Rc3 45. Ba6 Nc4 46. Rd1 Ne3 47. Rd2 Rb3 48. Nd3 Nc4 49. Rd1 Nb2 50. Rc1+ Kd6 51. Ne1 b5 52. Bb7 Bc4 53. Kg3 Nd3 54. Nxd3 Rxd3 55. Ra1 b4 56. Ra4 Kc5 57. Ra1 b3 58. Rc1 b2 59. Rb1 Rd2 60. f4 Bd3 0-1

[Event "Olympiad Women 2024"]
[Site "Budapest HUN"]
[Date "2024.09.14"]
[Round "4.53"]
[Board "3"]
[White "Sana Omprakash Kayyar"]
[Black "Al Asmar, Remy"]
[Result "1-0"]
[WhiteElo "1937"]
[BlackElo "1661"]
[PlyCount "85"]
[EventDate "2024.09.11"]
[WhiteTeam "Uganda"]
[BlackTeam "Lebanon"]
[WhiteTeamCountry "UGA"]
[BlackTeamCountry "LBN"]

1. d4 d5 2. Nf3 Nf6 3. g3 Bf5 4. c4 c6 5. Bg2 e6 6. O-O dxc4 7. Ne5 Be7 8. Nxc4 O-O 9. Nc3 Nbd7 10. a4 a5 $146 ({RR} 10... Nb6 11. Ne5 a5 12. Bg5 h6 13. Bf4 g5 14. Bc1 Nbd5 15. e4 Nxc3 16. bxc3 Bxe4 17. Bxe4 Nxe4 18. h4 Kg7 19. Kg2 Nxc3 20. Qd3 Nd5 21. hxg5 hxg5 22. Rh1 Rh8 23. Bd2 Qc7 24. Nxf7 Kxf7 25. Rh7+ {0-1 Jelogir,M (1305)-Finjord,I (1523) Hordaland-ch 2007 (4)}) ({RR} 10... Rc8 11. e4 Bg6 12. Be3 Bb4 13. f3 Re8 14. Qb3 a5 15. Na2 Qe7 16. Nxb4 axb4 17. e5 Nd5 18. Nd6 c5 19. Nxe8 Qxe8 20. dxc5 Bc2 21. Qxc2 Nxe3 22. Qe4 Nxf1 23. Bxf1 Nxc5 24. Qxb4 Rc7 25. Qd4 {1-0 Culum,S (2351)-Sadubayev,A (2305) Titled Tuesday intern op 02nd Aug Early blitz 2022 (5)}) 11. Re1 Nb6 12. Ne5 h6 13. e3 Bh7 14. Bd2 Nbd5 15. Nxd5 Nxd5 16. e4 Nb4 17. Bc3 Qc7 18. Rc1 Rad8 19. Qb3 Bd6 20. Red1 Bxe5 21. Bxb4 axb4 22. dxe5 Qxe5 23. Qxb4 Qb8 24. Qb6 Qa8 25. a5 Bg6 26. f3 f6 27. Bf1 e5 28. Bc4+ Kh8 29. b4 Qb8 30. b5 cxb5 31. Bxb5 Bf7 32. Bd7 Qa8 33. Bf5 Rxd1+ 34. Rxd1 Bc4 35. Rd7 Ba6 36. Qd6 Bb5 37. Rc7 Rd8 38. Qe7 Qa7+ 39. Kg2 Rd2+ 40. Kh3 Bf1+ 41. Kg4 h5+ 42. Kxh5 Rxh2+ 43. Kg6 1-0